Statistiche per Stemmi Squadre di calcio - UEFA - Quiz n°17

Clicka qui per fare il quiz!

Statistiche generali

  • Questo quiz è stato fatto 39 volte
  • Il punteggio medio è 10 su 10

Statistiche sulle risposte

Risposta% Corretto
Cádiz Club de Fútbol
100%
Genoa Cricket and Football Club
100%
Preston North End Football Club
100%
Racing Club de Lens
100%
Real Madrid Club de Fútbol
100%
Luton Town Football Club
97%
Stoke City Football Club
97%
Real Club Deportivo de La Coruña
94%
Fenerbahçe Spor Kulübü (calcio)
92%
Klub Piłkarski Legia Warszawa
78%

Distribuzione punteggi

Percentile per numero di risposta

Percentuale di utenti per punteggio

I tuoi punteggi nel tempo

Non hai fatto questo quiz